Karl Rahner (Record no. 131241)
[ view plain ]
| 000 -LEADER | |
|---|---|
| fixed length control field | 00557nam a22001817a 4500 |
| 003 - CONTROL NUMBER IDENTIFIER | |
| control field | ARRUPE |
| 005 - DATE AND TIME OF LATEST TRANSACTION | |
| control field | 20220405094420.0 |
| 008 - FIXED-LENGTH DATA ELEMENTS--GENERAL INFORMATION | |
| fixed length control field | 220405b |||||||| |||| 00| 0 eng d |
| 040 ## - CATALOGING SOURCE | |
| Transcribing agency | Arrupe |
| 050 ## - LIBRARY OF CONGRESS CALL NUMBER | |
| Classification number | BT40.S54 1987 |
| 300 ## - PHYSICAL DESCRIPTION | |
| Dimensions | 24cm. |
| 100 ## - MAIN ENTRY--PERSONAL NAME | |
| Personal name | Sheehan, Thomas |
| 9 (RLIN) | 19327 |
| 245 ## - TITLE STATEMENT | |
| Title | Karl Rahner |
| Remainder of title | the philosophical foundations |
| Statement of responsibility, etc | Thomas Sheehan |
| 260 ## - PUBLICATION, DISTRIBUTION, ETC. (IMPRINT) | |
| Place of publication, distribution, etc | Athens |
| Name of publisher, distributor, etc | Ohio University Press |
| Date of publication, distribution, etc | 1987 |
| 300 ## - PHYSICAL DESCRIPTION | |
| Extent | xii, 320p. ; |
| 600 ## - SUBJECT ADDED ENTRY--PERSONAL NAME | |
| Personal name | Rahner, Karl, 1904- |
| 9 (RLIN) | 24445 |
| 650 ## - SUBJECT ADDED ENTRY--TOPICAL TERM | |
| Topical term or geographic name as entry element | Philosophical theology |
| General subdivision | History |
| Chronological subdivision | 20th century |
| 9 (RLIN) | 51190 |
| 942 ## - ADDED ENTRY ELEMENTS (KOHA) | |
| Source of classification or shelving scheme | Library of Congress Classification |
| Koha item type | Monograph ( Printed materials) |
| Withdrawn status | Lost status | Source of classification or shelving scheme | Damaged status | Not for loan | Collection code | Home library | Current library | Shelving location | Date acquired | Total Checkouts | Full call number | Barcode | Date last seen | Price effective from | Koha item type |
|---|---|---|---|---|---|---|---|---|---|---|---|---|---|---|---|
| Library of Congress Classification | Main Collection | ARRUPE LIBRARY | ARRUPE LIBRARY | Main Collection | 05/04/2022 | BT40.S54 1987 | 46600009267 | 05/04/2022 | 05/04/2022 | Monograph ( Printed materials) |